01886nam a2200313 a 4500001001000000003000900010005001700019008004100036040002500077049000900102082002600111245033200137260004200469300001900511500003700530500031300567651011700880651004900997651006601046651002901112700005201141700004601193700004201239910003701281942001401318952011501332952010801447999001701555000034662DO-SdBNP20250602113835.0110831s1864 dr 000 0 spa d aDO-SdBNPbspacBNPHU aBNPR a970.016bC691d, 1864-00aColección de documentos inéditos, realtivos al descubrimiento, conquista y organización de las antiguas poseciones españolas en América y Oceanía sacado en su mayor parte del real archivosl de Indias /cbajo la dirección los señores Dr. Juanquín F. Pacheco, Dr. Francisco de Cardenas y Luis Torres de Mendoza. aMadrid :bImprenta Española,c1864. a42v. ;c23 cm. aLa biblioteca posee el volumen 2 aA partir del v. 4 el subtít. es: Sacados de los archivos del Reino y muy especialmente del de Indias. -- Tít. en anteport.: Colección de documentos inéditos del archivo de Indias. -- v.1-2:1864; v.3-4:1865; v.5-6:1866; v.7-8:1867; v.9-10:1868; v.11-12:1869; v.13-14:1870; v.15-16: 1871; v.17: 1872... 0aAmérica del SurxHistoria yGuerras de Independencia, 1806-1830zEspañolesvEnsayo, conferencias, etc.94537 4aAmérica LatinaxHistoriay1492-1830959067 4aOceaníaxDescubrimiento Y ExploracionesxEspañoles959068 4aEspañaxHistoria9884412aPacheco, Joaquín Francisco,d1808-186595906912aCardenas, Francisco de,d1816-189895907012aTorres de Mendoza, Luisecomp.959071 aValidado. Control de calidad MFF 2ddccLBS1 0010718PDaGRbGRcHDd2011-10-13iLF1l0ov. 2 , e. 2p34662-20r2020-06-25w2020-06-25yLFPDZNo se presta 001050718RVaGRbGRcHDd2011-10-13iLF1l0ov. 2p34662-10r2020-06-25w2020-06-25y1ZNo se presta c34153d34153